Memoria contra la inoculacion (Record no. 103076)
[ view plain ]
| 000 -LEADER | |
|---|---|
| campo de control de longitud fija | 01067nam a22002175i 4500 |
| 001 - NÚMERO DE CONTROL | |
| campo de control | 103076 |
| 003 - IDENTIFICADOR DE NÚMERO DE CONTROL | |
| campo de control | ES-MaACL |
| 005 - FECHA Y HORA DE LA ÚLTIMA TRANSACCIÓN | |
| campo de control | 20230906183249.0 |
| 007 - CAMPO FIJO DE DESCRIPCIÓN FÍSICA--INFORMACIÓN GENERAL | |
| campo de control de longitud fija | t| |
| 008 - DATOS DE LONGITUD FIJA--INFORMACIÓN GENERAL | |
| campo de control de longitud fija | 060110s1785 sp ||||1| spa d |
| 040 ## - FUENTE DE CATALOGACIÓN | |
| Centro catalogador/agencia de origen | CAT |
| Lengua de catalogación | spa |
| Centro/agencia transcriptor | CAT |
| Centro/agencia modificador | CCPB |
| 080 ## - NÚMERO DE LA CLASIFICACIÓN DECIMAL UNIVERSAL | |
| Número de la Clasificación Decimal Universal | 616.912-084.47"17" |
| 100 1# - ENTRADA PRINCIPAL--NOMBRE DE PERSONA | |
| Nombre de persona | Menós y de Llena, Jaime. |
| 9 (RLIN) | 80376 |
| 245 10 - MENCIÓN DEL TÍTULO | |
| Título | Memoria contra la inoculacion |
| Resto del título | : sacada de las dudas i disputas entre los autores excitadas a cerca la utilidad o daños causados por la inoculacion de las viruelas y comprobada por el desengaño / |
| Mención de responsabilidad, etc. | que da al público el doctor don Jaime Menós i de Llena ... |
| 260 ## - PUBLICACIÓN, DISTRIBUCIÓN, ETC. | |
| Lugar de publicación, distribución, etc. | Manresa : |
| Nombre del editor, distribuidor, etc. | por Ignacio Abadal ..., i se hallará en Madrid en la libreria de Valentin Francès Caballero ..., Barcelona en la de Francisco Ribas ..., |
| Fecha de publicación, distribución, etc. | [1785?] |
| 300 ## - DESCRIPCIÓN FÍSICA | |
| Extensión | 52 p. ; |
| Dimensiones | 4º (21 cm) |
| 500 ## - NOTA GENERAL | |
| Nota general | Fecha de la licencia: 27 Noviembre de 1785. |
| 510 4# - NOTA DE CITAS O REFERENCIAS BIBLIOGRÁFICAS | |
| Nombre de la fuente | Palau 164.591 o 164.592, Torres Amat 415 |
| 650 14 - PUNTO DE ACCESO ADICIONAL DE MATERIA--TÉRMINO DE MATERIA | |
| Término de materia o nombre geográfico como elemento de entrada | Viruela- |
| Subdivisión general | Vacunación- |
| Subdivisión de forma | Obras anteriores a 1800. |
| 9 (RLIN) | 17832 |
| 852 ## - LOCALIZACIÓN | |
| Ubicación | ES-MaACL |
| Número de control de estantería | R-3431(14) |
| Estatus retirado | Estado de pérdida | Estado de daño | No para préstamo | Colección | Biblioteca de origen | Biblioteca actual | Ubicación en estantería | Fecha de adquisición | Fuente de adquisición | Total de préstamos | Signatura topográfica completa | Código de barras | Visto por última vez | Precio de reemplazo | Tipo de ítem Koha |
|---|---|---|---|---|---|---|---|---|---|---|---|---|---|---|---|
| Libros del s. XVIII | Biblioteca del Ateneo de Madrid | Biblioteca del Ateneo de Madrid | Depósito | 17/01/2008 | R-3431(14) | 1107635 | 23/02/2023 | 23/02/2023 | Libro impreso antiguo |
